Normal view
MARC view
Entry Geographic Name
001 - CONTROL NUMBER
- control field: 12214
003 - CONTROL NUMBER IDENTIFIER
- control field: ARRUPE
005 - DATE AND TIME OF LATEST TRANSACTION
- control field: 20141017173501.0
008 - FIXED-LENGTH DATA ELEMENTS
- fixed length control field: 141017|| aca||aabn | a|a d
040 ## - CATALOGING SOURCE
- Original cataloging agency: ARRUPE
- Transcribing agency: ARRUPE
151 ## - HEADING--GEOGRAPHIC NAME
- Geographic name: Communist countries
- General subdivision: Social conditions.
670 ## - SOURCE DATA FOUND
- Source citation: Work cat.: (ARRUPE)0: Service, Robert. 12210, Comrades :, 2007.